<?xml version="1.0" encoding="UTF-8"?>
<record
    xmlns:xsi="http://www.w3.org/2001/XMLSchema-instance"
    xsi:schemaLocation="http://www.loc.gov/MARC21/slim http://www.loc.gov/standards/marcxml/schema/MARC21slim.xsd"
    xmlns="http://www.loc.gov/MARC21/slim">

  <leader>00997nam a2200253 a 4500</leader>
  <controlfield tag="001">000020808</controlfield>
  <controlfield tag="005">20240418073804.0</controlfield>
  <controlfield tag="008">100817s1999    sp abc        001 0 spa d</controlfield>
  <datafield tag="020" ind1=" " ind2=" ">
    <subfield code="a">8483221527</subfield>
  </datafield>
  <datafield tag="040" ind1=" " ind2=" ">
    <subfield code="a">DO-SdBNP</subfield>
    <subfield code="b">spa</subfield>
    <subfield code="c">BPJMB</subfield>
  </datafield>
  <datafield tag="041" ind1="1" ind2="7">
    <subfield code="a">spa</subfield>
    <subfield code="h">eng</subfield>
    <subfield code="2">C&#xF3;digo de idiomas MARC</subfield>
  </datafield>
  <datafield tag="082" ind1=" " ind2=" ">
    <subfield code="a">301</subfield>
    <subfield code="b">M152s</subfield>
  </datafield>
  <datafield tag="100" ind1="1" ind2=" ">
    <subfield code="a">Macionis, John J.,</subfield>
    <subfield code="9">43617</subfield>
  </datafield>
  <datafield tag="245" ind1="1" ind2="0">
    <subfield code="a">Sociolog&#xED;a /</subfield>
    <subfield code="c">John J. Macionis, Ken Plummer ; traducci&#xF3;n de Roberto Garv&#xED;a, Celia Valiente, Santiago P&#xE9;rez-Nievas y Laura Morales ; colaboraci&#xF3;n de Rosal&#xED;a Mota, Francisco Javier Moreno-Fuentes y Mar&#xED;a Fern&#xE1;ndez Mellizo-Soto.</subfield>
  </datafield>
  <datafield tag="260" ind1=" " ind2=" ">
    <subfield code="a">Madrid :</subfield>
    <subfield code="b">Prentice Hall,</subfield>
    <subfield code="c">1999.</subfield>
  </datafield>
  <datafield tag="300" ind1=" " ind2=" ">
    <subfield code="a">704 p. :</subfield>
    <subfield code="b">il., retrs, mapas ;</subfield>
    <subfield code="c">26 cm.</subfield>
  </datafield>
  <datafield tag="504" ind1=" " ind2=" ">
    <subfield code="a">Bibliograf&#xED;as: p. 677-695.</subfield>
  </datafield>
  <datafield tag="650" ind1=" " ind2="0">
    <subfield code="a">Sociolog&#xED;a</subfield>
    <subfield code="9">1061</subfield>
  </datafield>
  <datafield tag="700" ind1="1" ind2=" ">
    <subfield code="a">Plummer, Ken,</subfield>
    <subfield code="9">43618</subfield>
  </datafield>
  <datafield tag="700" ind1="1" ind2=" ">
    <subfield code="a">Garv&#xED;a, Roberto,</subfield>
    <subfield code="e">tr.</subfield>
    <subfield code="9">43619</subfield>
  </datafield>
  <datafield tag="700" ind1="1" ind2=" ">
    <subfield code="a">Valiente, Celia,</subfield>
    <subfield code="e">tr.</subfield>
    <subfield code="9">43620</subfield>
  </datafield>
  <datafield tag="700" ind1="1" ind2=" ">
    <subfield code="a">P&#xE9;rez-Nievas, Santiago,</subfield>
    <subfield code="e">tr.</subfield>
    <subfield code="9">43621</subfield>
  </datafield>
  <datafield tag="700" ind1="1" ind2=" ">
    <subfield code="a">Morales, Laura,</subfield>
    <subfield code="e">tr.</subfield>
    <subfield code="9">43622</subfield>
  </datafield>
  <datafield tag="999" ind1=" " ind2=" ">
    <subfield code="c">20312</subfield>
    <subfield code="d">20312</subfield>
  </datafield>
</record>
